Les elzevir de la Bibliotheque de l'Université Impériale de Varsovie / (Record no. 166789)

MARC details
000 -LEADER
campo de control de longitud fija 00826nam a22002055i 4500
001 - NÚMERO DE CONTROL
campo de control 166789
003 - IDENTIFICADOR DE NÚMERO DE CONTROL
campo de control ES-MaACL
005 - FECHA Y HORA DE LA ÚLTIMA TRANSACCIÓN
campo de control 20250820122527.0
008 - DATOS DE LONGITUD FIJA--INFORMACIÓN GENERAL
campo de control de longitud fija 990212s1874 pl af |||| | fre d
040 ## - FUENTE DE CATALOGACIÓN
Centro catalogador/agencia de origen CCPB | B
Lengua de catalogación spa
Centro/agencia transcriptor CCPB | B
110 2# - ENTRADA PRINCIPAL--NOMBRE DE ENTIDAD CORPORATIVA
Nombre de entidad corporativa o nombre de jurisdicción como elemento de entrada Universidad Imperial (Varsovia).
Unidad subordinada Biblioteca.
9 (RLIN) 135004
245 14 - MENCIÓN DEL TÍTULO
Título Les elzevir de la Bibliotheque de l'Université Impériale de Varsovie /
Mención de responsabilidad, etc. par Stanislas Joseph Siennicki.
260 ## - PUBLICACIÓN, DISTRIBUCIÓN, ETC.
Lugar de publicación, distribución, etc. Varsovie :
Nombre del editor, distribuidor, etc. [s.n.],
Fecha de publicación, distribución, etc. 1874 (
Fabricante Imprimerie du Journal Wjek, de Jean Noskowski)
300 ## - DESCRIPCIÓN FÍSICA
Extensión 221 p., [23] h. de lám. ;
Dimensiones 21 cm.
610 24 - PUNTO DE ACCESO ADICIONAL DE MATERIA--NOMBRE DE ENTIDAD CORPORATIVA
Nombre de entidad corporativa o nombre de jurisdicción como elemento de entrada Universidad Imperial (Varsovia).
Unidad subordinada Biblioteca-
Subdivisión de forma Catálogos.
9 (RLIN) 135005
700 11 - ENTRADA AGREGADA--NOMBRE PERSONAL
Nombre de persona Siennicki, Stanislas Joseph,
Fechas asociadas al nombre 1835-1896
9 (RLIN) 132718
752 ## - ENTRADA AGREGADA--NOMBRE JERÁRQUICO DEL LUGAR
País o entidad superior Polonia -
Ciudad Varsovia
852 ## - LOCALIZACIÓN
Ubicación ES-MaACL
Número de control de estantería B-2338
Nota libre -- Enc. hol.
Holdings
Estatus retirado Estado de pérdida Estado de daño No para préstamo Colección Biblioteca de origen Biblioteca actual Ubicación en estantería Fecha de adquisición Fuente de adquisición Total de préstamos Signatura topográfica completa Código de barras Visto por última vez Precio de reemplazo Tipo de ítem Koha
        Libros del s. XIX Biblioteca del Ateneo de Madrid Biblioteca del Ateneo de Madrid Sala Pardo Bazán 17/01/2008     B-2338 1174940 23/02/2023 23/02/2023 Libro impreso antiguo